Racontages

में बचाया:
ग्रंथसूची विवरण
मुख्य लेखक: Caron, Louis
स्वरूप: पुस्तक
भाषा:Undetermined
प्रकाशित: Montreal, Canadá Boréal Express 1983
विषय:
टैग: टैग जोड़ें
कोई टैग नहीं, इस रिकॉर्ड को टैग करने वाले पहले व्यक्ति बनें!

MARC

LEADER 00000nam a2200000Ia 4500
008 170316s9999 xx 000 0 und d
040 |a cru BVZT 
090 |a 818 C-4r 
100 |a Caron, Louis 
245 |a Racontages 
260 |a Montreal, Canadá 
260 |b Boréal Express 
260 |c 1983 
300 |a 183 páginas 
650 |a LITERATURA CANADIENSE 
999 |c 6396  |d 6396 
942 |c 15 D  |h 818 C-4r  |2 z